000 00522nam a2200205Ia 4500
008 170918s9999 xx 000 0 und d
020 _a9781597074353
050 _bS857gr 2013
100 _aStilton, Geronimo
245 _aThea Stilton :
245 _bthe secret of whale island /
245 _cby Geronimo Stilton.
260 _aChina :
260 _bPapercutz,
260 _c2013
300 _a50 pages :
300 _bcolor illustrations ;
300 _c23cm.
300 _eGeronimo Stilton Graphic Novel.
999 _c344060
_d344060